| 000 | 00513nam a2200169 i 4500 | ||
|---|---|---|---|
| 001 | 33655 | ||
| 003 | ES-MaACL | ||
| 005 | 20230906154809.0 | ||
| 007 | t| | ||
| 008 | 030203s1969 sp ||||1| spa d | ||
| 100 | 1 |
_aBetz, Otto. _928697 |
|
| 245 | 1 | 0 |
_aSu presencia en el mundo _b: testimonio de Cristo en nuestro tiempo / _cOtto Betz ; [traducción de J. Arnal]. |
| 260 |
_aBarcelona : _bVilamala, _c[1969] |
||
| 300 |
_a191 p. ; _c18 cm. |
||
| 700 | 1 |
_aArnal, J. _923028 |
|
| 852 |
_aES-MaACL _jC-51508 _bR.71207 |
||
| 999 |
_c33655 _d33655 |
||